Normal view
MARC view
- Health services administration
Entry Topical Term
001 - CONTROL NUMBER
- control field: 37459
003 - CONTROL NUMBER IDENTIFIER
- control field: OSt
005 - DATE AND TIME OF LATEST TRANSACTION
- control field: 20150218143417.0
008 - FIXED-LENGTH DATA ELEMENTS
- fixed length control field: 150218|| aca||babn | a|a d
040 ## - CATALOGING SOURCE
- Original cataloging agency: OSt
150 ## - HEADING--TOPICAL TERM
- Topical term or geographic name as entry element: Health services administration
450 ## - SEE FROM TRACING--TOPICAL TERM
- Topical term or geographic name entry element: Health administration
450 ## - SEE FROM TRACING--TOPICAL TERM
- Topical term or geographic name entry element: Health care administration
450 ## - SEE FROM TRACING--TOPICAL TERM
- Topical term or geographic name entry element: Health care management
450 ## - SEE FROM TRACING--TOPICAL TERM
- Topical term or geographic name entry element: Health sciences administration
450 ## - SEE FROM TRACING--TOPICAL TERM
- Topical term or geographic name entry element: Health services management
450 ## - SEE FROM TRACING--TOPICAL TERM
- Topical term or geographic name entry element: Medical care
- General subdivision: Administration
450 ## - SEE FROM TRACING--TOPICAL TERM
- Topical term or geographic name entry element: Medical care
- General subdivision: Management
550 ## - SEE ALSO FROM TRACING--TOPICAL TERM
- Topical term or geographic name entry element: Health planning
550 ## - SEE ALSO FROM TRACING--TOPICAL TERM
- Topical term or geographic name entry element: Public health administration